书目信息 |
| 题名: |
玩路者
|
|
| 作者: | 廖佳 著 | |
| 分册: | ||
| 出版信息: | 北京 中国青年出版社 2004.5 |
|
| 页数: | 321页 | |
| 开本: | 21cm | |
| 丛书名: | ||
| 单 册: | ||
| 中图分类: | K928.9 | |
| 科图分类: | ||
| 主题词: | 旅游指南--中国 , 旅游指南 | |
| 电子资源: | ||
| ISBN: | 7-5006-5755-2 | |
| 000 | 00634nam0 2200229 45 | |
| 001 | 012004000000 | |
| 005 | 20041020101047.71 | |
| 010 | @a7-5006-5755-2@dCNY 39.80 | |
| 100 | @a20040913d2004 em y0chiy0121 ea | |
| 101 | 0 | @achi |
| 102 | @aCN@b110000 | |
| 105 | @aaf z 000yy | |
| 200 | 1 | @a玩路者@Awan lu zhe@e中国自驾车旅行之经典攻略@f廖佳著 |
| 210 | @a北京@c中国青年出版社@d2004.5 | |
| 215 | @a321页@c图, 照片@d21cm | |
| 517 | 1 | @a中国自驾车旅行之经典攻略 |
| 606 | 0 | @a旅游指南@y中国 |
| 606 | 0 | @a旅游指南 |
| 690 | @aK928.9@v4 | |
| 701 | 0 | @a廖佳@Aliao jia@4著 |
| 801 | 0 | @aCN@bQSSKm@c20041020 |
| 905 | @a10447@dK928.9@eL466 | |
| 玩路者:中国自驾车旅行之经典攻略/廖佳著.-北京:中国青年出版社,2004.5 |
| 321页:图, 照片;21cm |
| ISBN 7-5006-5755-2:CNY 39.80 |
| ● |
| 相关链接 |
|
|
|
正题名:玩路者
索取号:K928.9/L466
 
预约/预借
| 序号 | 登录号 | 条形码 | 馆藏地/架位号 | 状态 | 备注 |
| 1 | 421378 | 204213788 | 社科库309/309社科库 21排1列1层/ [索取号:K928.9/L466] | 在馆 | |
| 2 | 421379 | 204213797 | 社科库309/422社科库 16排1列1层/ [索取号:K928.9/L466] | 在馆 | |
| 3 | 421380 | 204213804 | 社科库309/ [索取号:K928.9/L466] | 在馆 | |
| 4 | 421381 | 204213813 | 社科库309/309社科库 21排1列1层/ [索取号:K928.9/L466] | 在馆 | |
| 5 | 421382 | 204213822 | 社科库309/309社科库 21排1列1层/ [索取号:K928.9/L466] | 在馆 |